Datum a čas kvízu
21
Celkem bodů
Celkový počet nahraných bodů na tomto kvízu bez doplňovacích otázek.
8.
Pořadí na kvízu
Konečné umístění týmu na tomto kvízu.
Zaznamenané odpovědi
| # | Otázka | Odpověď | Body | Výsledky |
|---|---|---|---|---|
| 1. | Nečekané trable s cestou domů... | 1 | ||
| 2. | Na výzkumné stanici na Antarkt... | 1 | ||
| 3. | Někteří rockoví dinosauři žijí... | 0 | ||
| 4. | Americká společnost IBM minulý... | 0 | ||
| 5. | Hřiště ve Wembley bylo při pon... | 1 | ||
| 6. | Pokud jste na titulní otázku o... | 0 | ||
| 7. | Herci Tobinu Bellovi přinesla... | 1 | ||
| 5. | Nejúspěšnějším hororem, co do... | 0 | ||
| 5. | Filmová série Resident Evil je... | 0 | ||
| 10. | Shaun je hospodský povaleč, co... | 1 |